Diccionario bilingüe de metáforas y metonimias científico-técnicas : (Record no. 170556)

MARC details
000 -LEADER
fixed length control field 01518cam a2200337 i 4500
001 - CONTROL NUMBER
control field 18774383
003 - CONTROL NUMBER IDENTIFIER
control field OSt
005 - DATE AND TIME OF LATEST TRANSACTION
control field 20231113113653.0
008 - FIXED-LENGTH DATA ELEMENTS--GENERAL INFORMATION
fixed length control field 150908t20152016nyua 001 0 spa
020 ## - INTERNATIONAL STANDARD BOOK NUMBER
International Standard Book Number 9781138860056 (hardcover)
040 ## - CATALOGING SOURCE
Original cataloging agency NUST
Language of cataloging eng
Transcribing agency NUST
Description conventions rda
Modifying agency NUST
050 00 - LIBRARY OF CONGRESS CALL NUMBER
Classification number Q123 CUA
100 ## - MAIN ENTRY--PERSONAL NAME
Personal name Cuadrado-Esclapez, Georgina.
Relator term Author
245 00 - TITLE STATEMENT
Title Diccionario bilingüe de metáforas y metonimias científico-técnicas :
Remainder of title ingeniería, arquitectura y ciencias de la actividad física.
Number of part/section of a work Parte I & II : Español-Inglés, English-Spanish /
Statement of responsibility, etc. autoras Georgina Cuadrado-Esclapez, Irina Argüelles-Álvarez, Pilar Durán-Escribano, María-José Gómez-Ortiz, Silvia Molina-Plaza, Joana Pierce-McMahon, Maria-Mar Robisco-Martín, Ana Roldán-Riejos, Paloma Úbeda-Mansilla.
260 ## - PUBLICATION, DISTRIBUTION, ETC.
Place of publication, distribution, etc. London :
Name of publisher, distributor, etc. Routledge,
Date of publication, distribution, etc. 2016.
300 ## - PHYSICAL DESCRIPTION
Extent lxii, 510 pages :
Other physical details illustrations ;
Dimensions 26 cm.
336 ## - CONTENT TYPE
Content type term text
Source rdacontent
Content type code txt
337 ## - MEDIA TYPE
Media type term unmediated
Source rdamedia
Media type code n
338 ## - CARRIER TYPE
Carrier type term volume
Source rdacarrier
Carrier type code nc
650 #0 - SUBJECT ADDED ENTRY--TOPICAL TERM
Topical term or geographic name entry element Science
Form subdivision Dictionaries.
650 #0 - SUBJECT ADDED ENTRY--TOPICAL TERM
Topical term or geographic name entry element Science
Form subdivision Dictionaries
General subdivision Spanish.
650 #0 - SUBJECT ADDED ENTRY--TOPICAL TERM
Topical term or geographic name entry element Technology
Form subdivision Dictionaries.
650 #0 - SUBJECT ADDED ENTRY--TOPICAL TERM
Topical term or geographic name entry element Technology
Form subdivision Dictionaries
General subdivision Spanish.
650 #0 - SUBJECT ADDED ENTRY--TOPICAL TERM
Topical term or geographic name entry element Spanish language
Form subdivision Dictionaries
General subdivision English.
650 #0 - SUBJECT ADDED ENTRY--TOPICAL TERM
Topical term or geographic name entry element English language
Form subdivision Dictionaries
General subdivision Spanish.
650 #0 - SUBJECT ADDED ENTRY--TOPICAL TERM
Topical term or geographic name entry element Metaphor
Form subdivision Dictionaries.
700 ## - ADDED ENTRY--PERSONAL NAME
Personal name Arguelles-Alvarez, Irina.
Relator term Author
700 ## - ADDED ENTRY--PERSONAL NAME
Personal name Duran-Escribano, Pilar
Relator term Author
700 ## - ADDED ENTRY--PERSONAL NAME
Personal name Gomez-Ortiz, Maria-Jose.
Relator term Author
942 ## - ADDED ENTRY ELEMENTS (KOHA)
Source of classification or shelving scheme Library of Congress Classification
Koha item type Reference Material
Classification part Q123
Call number suffix CUA
Suppress in OPAC No
Holdings
Withdrawn status Lost status Source of classification or shelving scheme Damaged status Not for loan Collection Home library Current library Shelving location Date acquired Source of acquisition Cost, normal purchase price Total Checkouts Full call number Barcode Date last seen Accession number Cost, replacement price Price effective from Koha item type Public note
    LCC     NFIC MAIN MAIN GEN 02/12/2025 Book Aid International 55.00   Q123 CUA 92004054077 02/12/2025 60834 55.00 02/12/2025 BOOKS Donation
    LCC     NFIC MAIN MAIN GEN 02/12/2025 Book Aid International 55.00   Q123 CUA 92004054006 02/12/2025 60832 55.00 02/12/2025 BOOKS Donation
    LCC     NFIC MAIN MAIN REFERENCE 02/12/2025 Book Aid International 55.00   REF Q123 CUA 92004053333 02/12/2025 60833 55.00 02/12/2025 BOOKS Donation